000 00546cam a2200145 4500500
005 20251012005114.0
041 _afre
042 _adc
100 1 0 _aLabey, Gildas
_eauthor
245 0 0 _aCorine Pelluchon, La démocratie sans emprise ou la puissance du féminin, Rivages, «Bibliothèque Rivages», 2025, 180 páginas, 18 euros.
260 _c2025.
500 _a57
786 0 _nÉtudes | Juillet-Août | 7-8 | 2025-07-01 | p. 134-135
856 4 1 _uhttps://shs.cairn.info/revista-etudes-2025-7-8-page-134?lang=es&redirect-ssocas=7080
999 _c1516647
_d1516647